| 000 | 00433nam a2200157 4500 | ||
|---|---|---|---|
| 001 | 121136 | ||
| 003 | ES-MaACL | ||
| 005 | 20230906191709.0 | ||
| 007 | t| | ||
| 008 | 070214s1971 sp r ||||1| spa d | ||
| 100 | 1 |
_aPons Franco, Salvador. _993011 |
|
| 245 | 1 | 0 |
_aCorreo 70 de un cura de pueblo / _cSalvador Pons Franco. |
| 260 |
_aAlcoy : _bMarfil, _c1971. |
||
| 300 |
_a257 p. ; _c22 cm. |
||
| 852 |
_aES-MaACL _jC-47771 _bR.79072 |
||
| 999 |
_c121136 _d121136 |
||